000 00665nam a2200169 4500
999 _c15894
_d15894
008 201217b ||||| |||| 00| 0 eng d
022 _a0732-8435
082 _aDPer 657.05 C33 Sept - Mar 2015, v. 85 - 86
100 _942692
_aLindquist, Tim M.
245 _aSo you want to be a CFO?:
_ba CPA's guide to the experience, skills, and education of fortune 500 CFOs/
_cTim M. Lindquist and Alexandra Rausch.
260 _aNew York:
_bThe New York State Society of CPA,
_c©2015.
300 _av85 n12, pages 38-45:
_billustrations;
_c28 cm.
650 _aAccountants
_xGuide.
_942693
650 _a
_942712
700 _aRausch, A.
_942697
_eAuthor.
942 _2ddc
_cPER